Kontrola kvality pre firmy, ktoré vykonávajú audit a previerky historických finančných informácií a zákazky na ostatné uisťovacie a súvisiace služby
Medzinárodný audítorský štandard na kontrolu kvality (ISQC) 1. Zameranie na oblasť interného systému riadenia a kontroly kvality. Vedenie firmy a jeho zodpovednosť. Vytvorenie pravidiel pre ľudské zdroje. Uplatňované postupy a pravidlá v oblasti kontroly kvality firmy zdokumentované do podoby intern...
Saved in:
| Main Author: | |
|---|---|
| Format: | Book Chapter |
| Language: | Slovak |
| Subjects: | |
| Tags: |
No Tags, Be the first to tag this record!
|
MARC
| LEADER | 00000naa$a2200000$$$4500 | ||
|---|---|---|---|
| 001 | 0058076 | ||
| 005 | 20240502071643.2 | ||
| 041 | 0 | |a slo | |
| 044 | |a SK | ||
| 245 | 1 | 0 | |a Kontrola kvality pre firmy, ktoré vykonávajú audit a previerky historických finančných informácií a zákazky na ostatné uisťovacie a súvisiace služby |c Petra Krišková |
| 520 | |a Medzinárodný audítorský štandard na kontrolu kvality (ISQC) 1. Zameranie na oblasť interného systému riadenia a kontroly kvality. Vedenie firmy a jeho zodpovednosť. Vytvorenie pravidiel pre ľudské zdroje. Uplatňované postupy a pravidlá v oblasti kontroly kvality firmy zdokumentované do podoby internej smernice dostupnej pre každého pracovníka firmy. | ||
| 610 | 2 | 0 | |a kontrola kvality |
| 610 | 2 | 0 | |a firmy |
| 610 | 2 | 0 | |a audit |
| 610 | 2 | 0 | |a štandardy audítorské medzinárodné |
| 610 | 2 | 0 | |a vedenie podniku |
| 100 | 1 | |a Krišková, Petra, 1981- | |